Vista normal
Vista MARC
Entrada Materia (personas)
Número de registros utilizados en: 1
001 - CONTROL NUMBER
- control field: 73381
003 - CONTROL NUMBER IDENTIFIER
- control field: Co-BoUCM
005 - DATE AND TIME OF LATEST TRANSACTION
- control field: 20151109153103.0
008 - FIXED-LENGTH DATA ELEMENTS
- fixed length control field: 151109|| aca||aabn | a|a d
040 ## - CATALOGING SOURCE
- Original cataloging agency: Co-BoUCM
- Transcribing agency: Co-BoUCM
100 ## - HEADING--PERSONAL NAME
- Personal name: Martínez Salazar, Antonio,
670 ## - SOURCE DATA FOUND
- Source citation: Work cat.: (Co-BoUCM)76253: Martínez Salazar, Antonio,, Colección de memorias, y noticias del gobierno general, y político del Consejo, 1764